| 000 | 00780cam a2200253 a 4500 | ||
|---|---|---|---|
| 001 | 564430 | ||
| 003 | BD-ChCU | ||
| 005 | 20240418100450.0 | ||
| 008 | 890929s1989 nyua b 001 0 eng | ||
| 010 | _a 89024918 | ||
| 020 |
_a9789386418142 _c$37.95 |
||
| 040 |
_aDLC _cDLC _dDLC |
||
| 050 | 0 | 0 |
_aHA29 _b.B8284 1989 |
| 082 | 0 | 0 |
_a519.57 B871 e _222 |
| 100 | 1 |
_aBroota, K. D. _q(Krishan D.) |
|
| 245 | 1 | 0 |
_aExperimental design in behavioural research / _cK.D. Broota. |
| 250 | _a2ed | ||
| 260 |
_aNew Delhi : _bNew Age, _c2020. |
||
| 300 |
_axvi, 433 p. : _bill. ; _c25 cm. |
||
| 504 | _aIncludes bibliographical references (p. [425]-426). | ||
| 650 | 0 |
_aSocial sciences _xStatistical methods. |
|
| 906 |
_a7 _bcbc _corignew _d1 _eocip _f19 _gy-gencatlg |
||
| 942 |
_2ddc _cBK _n0 |
||
| 999 |
_c104030 _d104030 |
||